| 000 | 00599nam a2200217Ia 4500 | ||
|---|---|---|---|
| 008 | 161112s9999 xx 000 0 und d | ||
| 020 | _a978-971-93446-5-0 | ||
| 050 | _aREF N 7327 | ||
| 050 | _b.A38 2008 | ||
| 100 | _aAguilar, Marlene. | ||
| 245 | 0 | _aPhilippines by Nik Masangcay / | |
| 245 | 0 | _cMarlene Aguilar. | |
| 260 | _a[s. l. ] | ||
| 260 | _bJamayco Publishing House | ||
| 260 | _c2007 | ||
| 300 | _a170 pages : | ||
| 300 | _bcolor illustrations. ; | ||
| 300 | _c29 cm. | ||
| 650 | _aArt -- Modern -- 20th Century -- Philippines. | ||
| 650 | _xArt, Modern -- Pictorial works. | ||
| 999 |
_c305247 _d305247 |
||